C++ For Artists (Record no. 319914)

MARC details
000 -LEADER
fixed length control field 00433nam a2200157Ia 4500
008 - FIXED-LENGTH DATA ELEMENTS--GENERAL INFORMATION
fixed length control field 230718s9999 xx 000 0 und d
041 ## - LANGUAGE CODE
Language code of text/sound track or separate title eng
082 ## - DEWEY DECIMAL CLASSIFICATION NUMBER
Classification number 005.11
Item number MIL
100 ## - MAIN ENTRY--PERSONAL NAME
Personal name Miller R.
245 ## - TITLE STATEMENT
Title C++ For Artists
Remainder of title The Art Of Philosophy And Science Of Object Oriented Programming + Cd
260 ## - PUBLICATION, DISTRIBUTION, ETC. (IMPRINT)
Date of publication, distribution, etc. 2008
Name of publisher, distributor, etc. SPD
300 ## - PHYSICAL DESCRIPTION
Extent 588
365 ## - TRADE PRICE
Currency code Rs.
Price amount 400.00
700 ## - ADDED ENTRY--PERSONAL NAME
Personal name Miller R.
906 ## - LOCAL DATA ELEMENT F, LDF (RLIN)
d B:616803-Oct-2008
c COMP
b 80
Holdings
Withdrawn status Lost status Damaged status Not for loan Home library Current library Date acquired Vendor Budget Code Cost, normal purchase price Bill number Total Checkouts Full call number Barcode Date last seen Discount Cost, replacement price Bill Date Koha item type Original Barcode
        Cummins College of Engineering for Women Pune Cummins College of Engineering for Women Pune 02/02/2009 Tbs COMP 320.00 6168   005.11 CCEP-BK-31121 18/07/2023 80 400.00 03/10/2008 Books 031121